000 01020nas a2200325 4500
001 BR2012005025
003 BR-BrBNA
005 20231205120826.0
007 ta
008 230509b bl.|||p| |||| 00| 00por d
040 _aBR-BrBNA
_bpor
_cBiblioteca Nacional de Agricultura
041 _a(Pt)
072 _aL73
100 1 _aMonteiro, M.V.B.
100 1 _aSantos, M.P. dos
100 1 _aCosta, C.T.C.
100 1 _aWhiteman, C.W.
100 1 _aMonteiro, F.O.B.
245 1 _aCinomose canina no animais domésticos e silvestres
246 1 _aCanine distemper in domestic and wild animals
650 _aCÃO
650 _aCINOMOSE
650 _aDOENÇA ANIMAL
650 _aVÍRUS
650 _aANIMAL DOMÉSTICO
650 _aANIMAL SELVAGEM
773 0 _tRevista de Ciências Agrárias Amazonian Journal of Agricultural and Environmental Sciences (Brazil)
_xISSN 1517-591X
_g(Jul-Dec 2010), v. 53(2) p. 216-223
_wBR2012005025
909 _a202311
_bLúcia
_c55
_dLúcia Elande
942 _2AGRIS
_n0
_cANA
999 _c220515
_d220515